Informe
Gespeichert in:
| Format: | Text |
|---|---|
| Veröffentlicht: |
San José:
ADC
|
| Tags: |
Tag hinzufügen
Keine Tags, Fügen Sie den ersten Tag hinzu!
|
MARC
| LEADER | 00000 a a2200000 04500 | ||
|---|---|---|---|
| 001 | 30032 | ||
| 003 | |||
| 040 | |||
| 090 | |a 173803 | ||
| 245 | |a Informe | ||
| 260 | |a San José: |b ADC | ||
| 999 | |c 13720 |d 13720 | ||
